[Event "GRE-chT 37th"]
[Site "Kallithea"]
[Date "2009.07.05"]
[Round "4"]
[White "Postny, Evgeny"]
[Black "Nevednichy, Vladislav"]
[Result "1/2-1/2"]
[WhiteElo "2647"]
[BlackElo "2570"]
[Annotator "Postny,E"]
[PlyCount "61"]
[EventDate "2009.07.03"]
[EventType "team-tourn"]
[EventRounds "9"]
[EventCountry "GRE"]
[SourceTitle "CBM 131"]
[Source "ChessBase"]
[SourceDate "2009.07.15"]
[SourceVersion "1"]
[SourceVersionDate "2009.07.15"]
[SourceQuality "1"]

1. d4 g6 2. e4 Bg7 3. c4 c5 4. Nf3 Qb6 (4... cxd4 5. Nxd4 Nc6 6. Be3 {leads to
a classical Sicilian Maroczy that Black wants to avoid in current game.}) 5.
dxc5 Qxc5 {In this line Black is trying to get an improved version of Maroczy
type position.} 6. Be2 d6 7. O-O Nc6 {Black delays the development of his
kingside knight in order to prevent from white's queenside knight to be easily
developed to it's natural c3 square. Therefore, White has to look for other
ways to his queenside development.} 8. a3 Qb6 {[%csl Rb2]} 9. Ra2 {Moving the
rook out of the bishops' x-ray and preparing b2-b4 expansion.} (9. Qc2 Bg4 10.
Nc3 Bxf3 11. Bxf3 Nd4 12. Qa4+ Qc6 $11 {1/2-1/2 Saravanan,V (2405)-Nevednichy,
V (2577)/Kavala 2008/CBM 125 Extra (48)}) 9... Bg4 10. b4 {This is consequent,
even though risky from strategical point of view, as I will have to push b4-b5
later on and lose control over the important c5 square.} (10. Be3 Qc7 11. b4 {
appeared on practice as well. I wasn't sure if it is necessary to include the
move Bc1-e3 right now.}) 10... a5 ({An attempt to grab a pawn does not work:} 
10... Bxf3 11. Bxf3 Ne5 12. Be2 $14 Qc6 13. Nc3 Nxc4 $2 14. b5 Qc5 15. Nd5 $18
{[%cal Ga2c2]}) 11. b5 Bxf3 12. Bxf3 Ne5 13. Be3 Qc7 14. Rc2 {White has to be
quick before Black completes the development and seizes control over the dark
squares.} Nf6 (14... b6 $2 15. Nc3 e6 16. Na4 Rb8 17. Be2 Nf6 18. Nxb6 $3 Rxb6
19. c5 Rb8 (19... dxc5 20. Rxc5 Qb8 21. Rxe5 Qxe5 22. Bxb6 $18) 20. b6 Qc6 21.
cxd6 Qxe4 22. Bb5+ Ned7 23. Rc7 $16) 15. c5 Rc8 $1 $146 {Strong innovation
that my opponent performed after not less than 40 minutes of meditation. This
move puts on question the whole plan adopted by me in this opening line. In
fact, Romanian grandmaster improved his own play!} ({In the preceding game
Nevednichy got a worse position after} 15... dxc5 $6 16. Rxc5 Qb8 17. Nd2 O-O
18. h3 Nfd7 19. Rc2 Qd6 20. Nc4 Qf6 21. Be2 g5 22. Nxe5 Nxe5 23. Rc7 b6 24. Qc2
$16 {0-1 Flumbort,A (2509)-Nevednichy,V (2523)/Paks 2007/CBM 119 ext (41)}) 16.
Bd4 {The only way to fight for an advantage.} (16. Nd2 O-O 17. Be2 dxc5 18.
Rxc5 Qd6 $1 19. Rxc8 Rxc8 20. f4 Qxa3 21. Ba7 $1 Ned7 22. Nc4 Qa2 23. e5 Rxc4
24. Bxc4 Qxc4 25. exf6 Nxf6 26. Qd8+ Bf8 27. Qxa5 Nd5 $44 {A typical computer
line which would be extremely difficult to calculate for a human player.}) (16.
Rc1 dxc5 17. Rxc5 Qb8 18. Rxc8+ Qxc8 $11) 16... O-O (16... Nfd7 $2 17. c6 bxc6
18. Rxc6 $1 {This is the trick I was building on.} Nxc6 19. Bxg7 Rg8 20. bxc6
Rxg7 21. cxd7+ Qxd7 22. Qd4 $16 {Materially speaking the position is balanced.
However, in this middlegame position white's light pieces are clearly better
than black's awkwardly placed rook.}) 17. Bxe5 {Giving the dark-squared bishop
for the pawns majority on the queenside.} dxe5 18. Qc1 {I wanted to prevent
the black bishop to come out via h6 square.} Rfd8 19. Rd1 Rxd1+ (19... Rd4 $6 {
is just a waste of time.} 20. c6 $14) 20. Qxd1 e6 $1 {My opponent found the
right way to bring his bishop into action. Unfortunately, there is no such
possibility for my bishop, therefore I have to count on my passed pawn.} 21. c6
Bf8 22. Nd2 (22. h3 Qb6 23. cxb7 Qxb7 24. a4 Nd7 $11 {The control over the
dark squares gives Black sufficient counterplay against white's strong passed
pawn.}) 22... Rd8 (22... Bxa3 {It is obviously very risky to grab such a pawn
in time-trouble, but the concrete variations show that Black holds even after
this:} 23. b6 $1 {This was my idea.} Qe7 $1 (23... Qxb6 $2 24. Nc4 Qb4 (24...
Qxc6 25. Nxa3 Qe8 $16) 25. cxb7 $1 (25. Nxa3 $2 Rxc6 (25... Qxa3 $2 26. cxb7
Rf8 27. Rc8 $18) 26. Rxc6 bxc6 $13) 25... Rxc4 26. Rxc4 Qxb7 27. Qd8+ Kg7 28.
h4 $16) 24. c7 (24. Nc4 Rxc6 25. Nxa3 Qxa3 26. Rxc6 bxc6 27. Qd8+ Kg7 28. h4
Qc1+ 29. Kh2 Qf4+ $11) 24... Bc5 25. Nc4 Nd7 26. Rd2 Nxb6 27. Rd8+ Kg7 28. Nxb6
Rxc7 29. Na8 Rc6 30. Rd7 Qf8 31. Rd8 Qe7 $11) 23. Qb1 bxc6 24. b6 (24. Rxc6 $2
Qd7 25. Nc4 {[%tqu "En","How should Black continue?","","","f6e4","exploiting
the vulnerable 1st rank in white's position.",5]} Nxe4 $1 $17 {exploiting the
vulnerable 1st rank in white's position.}) 24... Qb7 25. Nc4 Bc5 26. h3 Bd4 27.
Nxa5 {Now I have to go for massive simplifications, otherwise I would be just
worse.} Qxb6 28. Qxb6 Bxb6 29. Nxc6 Ra8 30. Nxe5 (30. Ra2 $6 Ra4 $15 {[%csl
Re4]}) 30... Rxa3 31. Nc4 1/2-1/2

[Event "POL-chT 66th"]
[Site "Katowice"]
[Date "2010.09.10"]
[Round "7"]
[White "Kolosowski, Mateusz"]
[Black "Tazbir, Marcin"]
[Result "0-1"]
[WhiteElo "2342"]
[BlackElo "2523"]
[Annotator "RR"]
[PlyCount "100"]
[EventDate "2010.09.04"]
[EventType "team-tourn"]
[EventRounds "9"]
[EventCountry "POL"]
[SourceTitle "EXT 2016"]
[Source "ChessBase"]
[SourceDate "2015.10.08"]
[SourceVersion "1"]
[SourceVersionDate "2015.10.08"]
[SourceQuality "1"]
[WhiteTeam "Prokonex"]
[BlackTeam "Wroclaw"]
[WhiteTeamCountry "POL"]
[BlackTeamCountry "POL"]

1. d4 Nc6 2. c4 e5 3. d5 Nce7 4. Nc3 Ng6 5. g3 Bb4 (5... a5 6. Bg2 Bc5 7. Na4
Bb4+ 8. Bd2 d6 9. Bxb4 axb4 10. b3 Bd7 11. Nb2 Ra3 12. Nf3 Qa8 13. Qb1 Nf6 14.
O-O Bg4 15. Nd1 O-O 16. Ne3 Qa5 17. Nc2 Bf5 18. Nfe1 Ra8 19. e4 Bxe4 20. Bxe4
Nxe4 21. Nxa3 Nd2 22. Qc2 bxa3 23. b4 Qxb4 24. Nd3 Qa5 25. Rfd1 Nf3+ 26. Kg2
Nd4 27. Qd2 Qa6 28. Nb4 Qxc4 29. Rac1 Qb5 30. Rxc7 h6 31. Qc3 Ra4 32. Rxd4 exd4
33. Qf3 Qe8 34. Rxb7 Ne5 35. Qb3 {Koneru,H (2589)-Short,N (2677) Caleta 2012
0-1}) (5... Bc5) 6. Qb3 a5 7. h4 $146 {[%csl Rg6][%cal Gh4h5]} (7. a3 Bc5 8.
Ne4 Be7 9. d6 cxd6 10. Nc3 b6 11. Bg2 Rb8 12. h4 h6 13. Be3 Bb7 14. Bxb7 Rxb7
15. Nf3 Nf8 16. g4 Ne6 17. Rg1 Nf6 18. g5 hxg5 19. hxg5 Nh5 20. g6 f5 21. Rh1
f4 22. Bd2 Rb8 23. Qc2 Rh6 24. e3 Bf6 25. O-O-O Qc8 26. Qf5 Qxc4 27. Rxh5 Rxh5
28. Qxh5 b5 29. exf4 b4 30. fxe5 bxc3 31. Bxc3 dxe5 32. Nxe5 Bxe5 33. Qxe5 Rb5
34. Qd6 Qf4+ 35. Qxf4 Nxf4 36. Bxg7 Nxg6 {Hort,W (2032)-Voss,N DESC email 2003
1-0 (74)}) 7... d6 8. h5 $14 N6e7 9. a3 Bc5 10. e4 Nf6 11. Bd3 $6 (11. h6)
11... h6 $1 12. f3 Nxh5 $1 13. Nge2 Nf6 14. g4 Nd7 15. Ng3 Rg8 (15... Bb6 {
[%cal Gd7c5,Gc5b3,Gc5d3]}) 16. Bd2 (16. Nf5) 16... Bd4 17. Qc2 Nc5 18. Rb1 a4 {
[%csl Rb2,Rb3]} 19. Nce2 Nb3 20. Nxd4 Nxd4 21. Qd1 Ng6 22. Nf5 Bxf5 23. exf5
Nf4 24. Be4 (24. Bxf4 exf4 25. Kf2 $13 {[%cal Gh1e1]}) 24... Qf6 25. Kf2 Nb3
26. Be3 Nc5 27. Bc2 h5 $1 28. Bxc5 dxc5 29. Bxa4+ Ke7 30. Bc2 hxg4 31. fxg4 Rh8
32. Qf3 g5 33. Rbd1 Qb6 34. f6+ Kxf6 35. Qe4 Ng6 36. Kg3 (36. Qf5+ Kg7 37. Qxg5
Qxb2 38. Rd2 Rxh1) 36... Kg7 37. Rdf1 Rxh1 38. Qxh1 Rh8 $40 39. Qe4 Qd6 40. Rf5
Qe7 41. Rf2 b6 42. b4 cxb4 43. axb4 Rh6 44. Qe3 e4 45. Qxe4 Qd6+ 46. Kg2 Nf4+
47. Kf1 Qf6 48. Rd2 Nxd5+ 49. Kg2 Nf4+ 50. Kf1 Qc3 0-1

[Event "Rohde op 12th"]
[Site "Sautron"]
[Date "2012.10.28"]
[Round "2"]
[White "Nguyen, Chi Minh"]
[Black "Ulybin, Mikhail"]
[Result "1-0"]
[WhiteElo "2392"]
[BlackElo "2529"]
[Annotator "RR"]
[PlyCount "75"]
[EventDate "2012.10.27"]
[EventType "swiss"]
[EventRounds "9"]
[EventCountry "FRA"]
[SourceTitle "EXT 2014"]
[Source "ChessBase"]
[SourceDate "2013.11.20"]
[SourceVersion "1"]
[SourceVersionDate "2013.11.20"]
[SourceQuality "1"]
[TimeControl "40/5400+30:1800+30"]
[WhiteClock "1:30:00"]
[BlackClock "1:30:00"]

1. d4 {[%emt 0:00:00]} e6 {[%emt 0:03:21]} 2. c4 {[%emt 0:00:45]} f5 {[%emt 0:
00:43]} 3. Nc3 {[%emt 0:00:46]} (3. g3 {La grande ligne}) 3... Nf6 {[%emt 0:00:
44]} 4. Qc2 {[%emt 0:01:01]} (4. Nf3 d5 5. Bf4 c6 6. e3) 4... b6 {[%emt 0:01:
20] Une ancienne ligne passée un peu de mode} (4... Bb4) 5. e3 {[%emt 0:01:13]}
Bb7 {[%emt 0:00:58]} 6. a3 {[%emt 0:00:58]} ({RR} 6. f3 g6 7. Bd3 Bg7 8. Nge2
O-O 9. b4 d5 10. O-O Kh8 11. Rb1 a6 12. a4 Nbd7 13. cxd5 exd5 14. b5 Re8 15.
Bd2 Nf8 16. Kh1 Nh5 17. f4 Nf6 18. Ng1 Ne4 19. Nf3 Ne6 20. Na2 a5 {Rustemov,A 
(2589)-Ulibin,M (2586)/Biel 2004/EXT 2005/1-0 (58)}) 6... g6 $146 {[%emt 0:06:
10] Comme son adversaire jouait vite et s'était préparé sur une de ses
anciennes parties, le Russe décide de dévier le premieraprès quelques minutes
de réflexion.} ({RR} 6... Bd6 7. Nge2 O-O 8. Nf4 a6 9. Be2 g5 10. Nd3 Bxg2 11.
Rg1 Bb7 12. Rxg5+ Kh8 13. Bd2 h6 14. Rg1 Bxh2 15. Rf1 Bg2 16. O-O-O Bxf1 17.
Rxf1 Rg8 18. Qd1 Ne4 19. Rh1 Qh4 20. Nxe4 fxe4 21. Ne5 {Wojtaszek,R (2599)
-Ulibin,M (2521)/Stockholm 2009/CBM 128 Extra/1-0 (39)}) 7. Nf3 {[%emt 0:02:36]
} Bg7 {[%emt 0:04:40] Le mélange des deux systèmes est un peu bizarre et dans
une système de Léningrad, le plan des Noirs vise plutôt а jouer sur cases
noires au centre par d6e5.} 8. Be2 {[%emt 0:04:16]} O-O {[%emt 0:06:32]} 9. b4
$1 {[%emt 0:00:47]} a5 {[%emt 0:07:09]} 10. b5 {[%emt 0:04:07]} d6 {[%emt 0:02:
02][%csl Rc7]} 11. O-O {[%emt 0:04:00]} Nbd7 {[%emt 0:02:07]} 12. Bb2 {[%emt 0:
01:26]} Qe7 {[%emt 0:06:14][%cal Ge6e5]} 13. Nd2 {[%emt 0:09:34][%cal Ge3e4,
Ge2f3]} e5 $11 {[%emt 0:07:32]} 14. Rae1 {[%emt 0:01:06][%cal Ge1e7]} Kh8 $6 {
[%emt 0:05:40] Pas forcément indispensable} 15. Na4 {[%emt 0:03:17][%cal Gc4c5]
} c5 {[%emt 0:18:52]} 16. d5 {[%emt 0:16:25][%csl Rb6,Rb7,Rd6]} (16. bxc6 Bxc6
17. Rb1 {[%csl Rb6]}) 16... e4 {[%emt 0:01:38][%cal Gd7e5]} 17. f3 $1 {[%emt 0:
01:58]} exf3 {[%emt 0:02:33]} 18. Bxf3 {[%emt 0:00:59][%cal Ge3e4]} Rae8 {
[%emt 0:09:26]} 19. e4 {[%emt 0:03:44][%cal Ge1e7]} Bc8 {[%emt 0:07:53] Le
russe a désormais moins de 05 minutes pour passer le contrôle de temps.} 20.
Qb1 $1 {[%emt 0:05:34][%cal Gb1e1,Ge4f5,Ge1e7,Gb1a1]} f4 $8 {[%emt 0:01:31]}
21. Qa1 $36 {[%emt 0:02:18] Les Blancs ont un bon avantage d'espace et en
zeitnot, la position Noire n'est pas facile а jouer.} g5 {[%emt 0:01:19]} 22.
Bd1 {[%emt 0:01:39]} h6 {[%emt 0:01:52]} 23. Nf3 {[%emt 0:02:07][%cal Ge4e5]}
Nh7 $6 {[%emt 0:00:41]} (23... Ng4 $142 {[%cal Gg4e5]} 24. Bxg7+ Qxg7 25. Qxg7+
Kxg7 26. Nxg5 {Le GMI a manqué de temps pour calculer au delà ce de coup
intermédiaire} Nde5 27. Ne6+ Bxe6 28. dxe6 Ne3 29. Nxb6 Nxf1 30. Rxf1 Rxe6) 24.
e5 $1 {[%emt 0:01:56][%csl Re7]} Nxe5 {[%emt 0:00:24]} (24... dxe5 25. Nxb6 $1
Nxb6 26. Nxe5 {[%csl Re7,Rh8][%cal Ge5g6]}) 25. Nxb6 {[%emt 0:00:32]} Bf5 {
[%emt 0:00:26]} 26. Nxe5 {[%emt 0:00:19]} Bxe5 {[%emt 0:00:38]} 27. Bh5 $16 {
[%emt 0:00:15][%csl Gb5,Rd6][%cal Gb5b8]} Qg7 {[%emt 0:00:30]} 28. Na4 {
[%emt 0:04:19]} Bxb2 {[%emt 0:00:28]} 29. Qxb2 {[%emt 0:00:20]} Rxe1 {[%emt 0:
00:32]} 30. Qxg7+ {[%emt 0:00:48]} Kxg7 {[%emt 0:00:03]} 31. Rxe1 {[%emt 0:00:
04][%csl Ra5,Gb5,Rd6][%cal Ge1e7,Gg1f2]} Kf6 $4 $138 {[%emt 0:00:53]} (31...
Nf6 32. Re7+ Kg8 33. Be2 {[%csl Gb5,Rc4][%cal Ge2c4,Gb5b6,Gb6b7]} Rf7 34. Rxf7
Kxf7 35. Kf2 Ke7 $132) 32. h3 {[%emt 0:00:55]} Rb8 {[%emt 0:00:28]} 33. Nc3 {
[%emt 0:04:03]} Nf8 {[%emt 0:00:30]} 34. Ne4+ {[%emt 0:00:20]} Ke5 $4 {[%emt 0:
00:36]} (34... Bxe4) 35. Ng3+ {[%emt 0:00:55]} Kf6 {[%emt 0:00:12]} 36. Nxf5 {
[%emt 0:00:36]} Kxf5 {[%emt 0:00:03]} 37. Re8 {[%emt 0:00:12]} Rxe8 {[%emt 0:
00:58]} 38. Bxe8 {[%emt 0:00:06]} 1-0

[Event "POL-chT 66th"]
[Site "Katowice"]
[Date "2010.09.11"]
[Round "8"]
[White "Luch, Michal"]
[Black "Krasenkow, Michal"]
[Result "0-1"]
[WhiteElo "2385"]
[BlackElo "2622"]
[Annotator "RR"]
[PlyCount "66"]
[EventDate "2010.09.04"]
[EventType "team-tourn"]
[EventRounds "9"]
[EventCountry "POL"]
[SourceTitle "EXT 2016"]
[Source "ChessBase"]
[SourceDate "2015.10.08"]
[SourceVersion "1"]
[SourceVersionDate "2015.10.08"]
[SourceQuality "1"]
[WhiteTeam "Wroclaw AZS WSB"]
[BlackTeam "Gorzow Wielkopolski"]
[WhiteTeamCountry "POL"]
[BlackTeamCountry "POL"]

1. d4 g6 2. g3 Bg7 3. Bg2 c5 4. c3 Qa5 5. d5 d6 6. e4 Nf6 7. Ne2 (7. Nd2 O-O 8.
Nc4 Qc7 9. a4 Nbd7 10. Ne2 Rb8 11. O-O b6 12. Qc2 Ba6 13. Na3 Rbe8 14. Rd1 Bb7
15. a5 a6 16. axb6 Nxb6 17. c4 e6 18. dxe6 Rxe6 19. Nc3 Rfe8 20. f3 Nfd7 21.
Bf4 Ne5 22. Nd5 Nxd5 23. cxd5 R6e7 24. Rd2 h6 25. h4 Bc8 26. Rc1 Qb8 27. Kh2 f5
28. Bxe5 Bxe5 29. Nc4 fxe4 30. Nxe5 Rxe5 31. fxe4 Rf8 32. Rf2 Qb7 33. Rcf1 Ree8
34. Rf6 Rxf6 35. Rxf6 Qg7 36. Rxd6 Bg4 {Karpov,A (2674)-Istratescu,A (2617)
Bucharest 2005 1-0}) 7... O-O 8. O-O Nbd7 9. h3 b5 10. Be3 $146 (10. f4 Rb8 11.
g4 Ba6 12. b3 b4 13. Bb2 Nxe4 14. cxb4 Qxb4 15. Bxg7 Kxg7 16. Re1 Bxe2 17. Rxe2
Nc3 18. Nxc3 Qxc3 19. Rxe7 Nf6 20. Rc1 Qa5 21. Qe2 Rbe8 22. g5 Rxe7 23. Qxe7
Nh5 24. Qxd6 Qd2 25. Qe5+ Kg8 26. Rf1 Ng7 27. Rf2 Qd1+ 28. Kh2 Re8 29. Qc3 Nf5
30. Qd2 Qa1 31. d6 Rd8 32. d7 Qd4 33. Bc6 Qxd2 34. Rxd2 Nd4 35. Be4 {1/2-1/2 
(35) Meshkov,Y (2385)-Romashin,E (2179) Minsk 2005}) 10... Bb7 11. Nd2 {
[%cal Ga2a4]} e6 12. dxe6 fxe6 13. e5 Nd5 14. exd6 Nxe3 15. fxe3 Bxg2 16. Kxg2
Qb6 17. Nf4 Qxd6 18. Nb3 (18. a4 $5 {[%cal Gd2c4]}) 18... Qc6+ 19. Qf3 Qxf3+
20. Rxf3 c4 $1 {[%cal Gd7c5]} 21. Na5 Nc5 $15 {[%csl Gc5][%cal Gc5d3,Gc5e4,
Gc5e6,Ga8d8] Les pièces Noires sont mieux coordonnées} 22. Rd1 e5 23. Rd5 $2
(23. Nd5 $8) 23... Rac8 24. Ne2 Rxf3 25. Kxf3 Rf8+ 26. Nf4 (26. Kg2 Nd3 {
[%csl Re2,Rg2][%cal Gf8f2]}) 26... Nd3 27. Rxb5 exf4 28. gxf4 a6 29. Rb6 Nxb2
30. Rxb2 Bxc3 31. Nxc4 Bxb2 32. Nxb2 Rc8 33. Nd3 a5 0-1

[Event "Vaujany op 5th"]
[Site "Vaujany"]
[Date "2014.07.11"]
[Round "2.1"]
[White "Joie, Sebastien"]
[Black "Istratescu, Andrei"]
[Result "0-1"]
[WhiteElo "2361"]
[BlackElo "2670"]
[Annotator "RR"]
[PlyCount "58"]
[EventDate "2014.07.10"]
[EventType "swiss"]
[EventRounds "9"]
[EventCountry "FRA"]
[SourceTitle "EXT 2017"]
[Source "ChessBase"]
[SourceDate "2016.10.25"]
[SourceVersion "1"]
[SourceVersionDate "2016.10.25"]
[SourceQuality "1"]

1. Nf3 g6 2. g3 Bg7 3. d4 c5 4. c3 Qa5 5. b4 $5 $146 {Probablement une
préparation maison} (5. Bg2 cxd4 6. Nxd4 Nc6 7. O-O Nf6 8. Nd2 O-O 9. N2b3 Qc7
10. e4 d6 11. h3 Bd7 12. Be3 Bc8 {1/2-1/2 (12) Dizdarevic,E (2541)
-Chatalbashev,B (2545) Maribor 2015}) 5... cxb4 6. cxb4 Qxb4+ 7. Bd2 Qb6 8. Nc3
Nf6 (8... Bxd4 $6 9. Nxd4 Qxd4 {Gagne un P mais les Blancs ont des bonnes
compensations}) 9. e4 O-O 10. Rb1 $44 Qd8 11. e5 (11. Bg2 d6 12. O-O {Etait
plus tranquille mais les Blancs doivent probablement continuer de suivre le
plan préparé avant la ronde.}) 11... Ne8 12. h4 $5 d6 $1 {[%csl Re1] Le
centre n'étant pas bloqué , il faut y réagir pour espérer y trouver du
contre-jeu} 13. h5 Bf5 $1 {Le GMI sent le danger et il rend du matériel pour
sortir d'urgence une pièce en défense des cases Blanches de l'aile-roi} 14.
Rxb7 dxe5 15. dxe5 Nc6 16. hxg6 Bxg6 17. Bg2 Rb8 $11 18. Rxb8 Qxb8 {[%csl Re5]}
19. O-O Nc7 (19... Nxe5 $143 {Prématuré} 20. Nxe5 (20. Bf4 Nxf3+) 20... Bxe5
21. Nd5 {[%csl Re7]}) 20. Nh4 Nxe5 21. f4 $6 {[%csl Rg1][%cal Gf4f5] Trés
risqué} Nc4 22. f5 Qb6+ 23. Kh2 Bh5 $1 {[%csl Rd2] La pointe!} 24. Qxh5 Nxd2
$17 25. Rf4 $2 (25. Ne4 Nxe4 26. Bxe4 {[%cal Gf5f6] Et la position n'est pas
encore très claire}) 25... Bxc3 26. Rg4+ Bg7 27. Qg5 Qb2 28. f6 Ne6 29. Qh6
exf6 0-1

[Event "Vaujany op 5th"]
[Site "Vaujany"]
[Date "2014.07.16"]
[Round "7.5"]
[White "Petre, Nad Titus"]
[Black "Istratescu, Andrei"]
[Result "0-1"]
[WhiteElo "2371"]
[BlackElo "2670"]
[Annotator "RR"]
[PlyCount "62"]
[EventDate "2014.07.10"]
[EventType "swiss"]
[EventRounds "9"]
[EventCountry "FRA"]
[SourceTitle "EXT 2017"]
[Source "ChessBase"]
[SourceDate "2016.10.25"]
[SourceVersion "1"]
[SourceVersionDate "2016.10.25"]
[SourceQuality "1"]

1. Nf3 g6 2. d4 Bg7 3. c3 f5 4. Bf4 (4. g3 b6 5. Bg2 Bb7 6. Qb3 e6 7. O-O Nf6
8. Nbd2 Qe7 9. Re1 Nc6 10. Ne5 Na5 11. Qa4 Bxg2 12. Kxg2 O-O 13. b4 Nb7 14. Qa6
Nd6 15. Qd3 Nde4 16. f3 Nxd2 17. Bxd2 c5 18. bxc5 bxc5 19. e4 fxe4 20. fxe4
cxd4 21. cxd4 Rab8 22. Rab1 Rxb1 23. Qxb1 d6 24. Nf3 Rc8 25. Qb3 h6 26. Re2 Qe8
27. Bf4 d5 28. exd5 Nxd5 29. Qb7 Qc6 30. Qxc6 Rxc6 31. Be5 Ra6 32. Rb2 Rb6 33.
Rxb6 axb6 {Bogdanovski,V (2412)-Nestorovic,L (2337) Veliko Gradiste 2015 1/2-1/
2}) 4... Nf6 5. Nbd2 b6 6. e3 Bb7 7. Qc2 O-O 8. h3 $146 (8. Bd3 e6 9. e4 fxe4
10. Nxe4 Nd5 11. Bd2 Nc6 12. O-O-O Nf4 13. Bf1 a5 14. h4 Ba6 15. Bxa6 Rxa6 16.
Bxf4 Rxf4 17. h5 Ne7 18. hxg6 hxg6 19. Nfg5 Nf5 20. Qe2 b5 21. g3 Rxe4 22. Nxe4
Rb6 23. Rh3 b4 24. g4 Nd6 25. Nxd6 Rxd6 26. f4 a4 27. cxb4 Bxd4 28. Rhd3 Bf6
29. Rxd6 cxd6 30. Qd3 d5 31. Qxg6+ Bg7 32. Qc2 Qb8 33. Qd2 Qa8 34. a3 d4 35.
Qd3 Qg2 36. g5 Qf2 37. Rf1 Qh2 {Schaefer,J-Schubert,C (2295) Hessen 1999 1-0})
8... e6 9. Rg1 $5 {[%cal Gg2g4]} d6 10. Bc4 Qe7 11. g4 $13 (11. O-O-O) 11...
Kh8 12. gxf5 exf5 13. Bg5 Nbd7 14. O-O-O {La position est trés compliquée
avec des chances réciproques} Qe8 15. Bxf6 Nxf6 16. Ng5 d5 17. Bd3 Ne4 $132
18. Rdf1 c5 {[%cal Gc5d4,Ga8c8] Les Noirs commencent à prendre l'initiative}
19. dxc5 bxc5 20. h4 Bc6 21. Nb1 $2 {Trop lent} (21. h5) 21... Rb8 $40 22. Nh3
$2 {Les Blancs ont perdu le fil de la partie} Rf7 {[%cal Gf7h7,Gf7b7]} (22...
Ba4 23. Qe2 Rf6 24. h5 Rfb6 $19) 23. h5 Rfb7 $19 24. Bxe4 Rxb2 25. Qxb2 Rxb2
26. Kxb2 Qxe4 27. a3 d4 28. Ng5 Qe7 29. Rc1 h6 30. Nh3 Qb7+ 31. Ka1 dxc3 0-1